Vissza az ókorba prózabemutatók a szegedi színházban /
Elmentve itt :
| Szerző: | |
|---|---|
| Dokumentumtípus: | Cikk |
| Megjelent: |
1973
|
| Sorozat: | Tiszatáj
27 No. 1 |
| Kulcsszavak: | Színházi kritika - Szeged |
| Online Access: | http://tiszataj.bibl.u-szeged.hu/7712 |
| LEADER | 00616nab a2200181 i 4500 | ||
|---|---|---|---|
| 001 | tisza7712 | ||
| 005 | 20200330134026.0 | ||
| 008 | 170428s1973 hu o 0|| hun d | ||
| 022 | |a 0133-1167 | ||
| 040 | |a SZTE Tiszatáj Archívum |b hun | ||
| 041 | |a hun | ||
| 100 | 1 | |a Nikolényi István | |
| 245 | 1 | 0 | |a Vissza az ókorba |h [elektronikus dokumentum] : |b prózabemutatók a szegedi színházban / |c Nikolényi István |
| 260 | |c 1973 | ||
| 300 | |a 94-96 | ||
| 490 | 0 | |a Tiszatáj |v 27 No. 1 | |
| 695 | |a Színházi kritika - Szeged | ||
| 856 | 4 | 0 | |u http://tiszataj.bibl.u-szeged.hu/7712/1/tiszataj_1973_001_094-096.pdf |z Dokumentum-elérés |